Implementácia algoritmu pre obchodovanie na FX burze využitím MetaTrader 5 obchodnej platformy
Gespeichert in:
| 1. Verfasser: | |
|---|---|
| Weitere Verfasser: | |
| Format: | Manuskript Buch |
| Sprache: | Slowakisch |
| Veröffentlicht: |
Bratislava :
STU v Bratislave FEI,
2022
|
| Schlagworte: | |
| Online-Zugang: | https://opac.crzp.sk/?fn=detailBiblioFormChildE13J3T&sid=A3900C45A119566172F3FF9915B9&seo=CRZP-detail-kniha |
| Tags: |
Keine Tags, Fügen Sie das erste Tag hinzu!
|
MARC
| LEADER | 00000ntm a22000003a 4500 | ||
|---|---|---|---|
| 001 | stuzp90513 | ||
| 003 | SK-STU | ||
| 005 | 20230403123420.5 | ||
| 007 | ta | ||
| 008 | 150427s2015----xo-----f-mn---000-0-slo-d | ||
| 040 | |a STU |b slo | ||
| 041 | 0 | |a slo | |
| 044 | |a xo | ||
| 100 | 1 | |a Šrámek, Martin |u 035000 |4 aut |U FEI Fakulta elektrotechniky a informatiky |T FEI Ústav informatiky a matematiky |X 86040 |U E050 |Y 816 |7 86040 | |
| 242 | 0 | 1 | |a Implementation of FX trading algorithm using MetaTrader 5 trading platform |y eng |
| 245 | 1 | 0 | |a Implementácia algoritmu pre obchodovanie na FX burze využitím MetaTrader 5 obchodnej platformy |
| 260 | |a Bratislava : |b STU v Bratislave FEI, |c 2022 | ||
| 300 | |a 57 s., príl. | ||
| 650 | 4 | |a Forex |2 slo | |
| 650 | 4 | |a Algotrading |2 slo | |
| 650 | 4 | |a Metatrader |2 slo | |
| 650 | 4 | |a Technická analýza |2 slo | |
| 650 | 4 | |a Metatrader |2 eng | |
| 650 | 4 | |a Technical analysis |2 eng | |
| 650 | 4 | |a Algotrading |2 eng | |
| 650 | 4 | |a Forex |2 eng | |
| 700 | 1 | |a Repka, Marek |4 ths |X 29017 |7 A000029017 | |
| 856 | 4 | |u https://opac.crzp.sk/?fn=detailBiblioFormChildE13J3T&sid=A3900C45A119566172F3FF9915B9&seo=CRZP-detail-kniha | |